| 000 | 01596nam a2200433 i 4500 | ||
|---|---|---|---|
| 001 | 2505 | ||
| 003 | KOSZ 005 | ||
| 005 | 20220215100809.0 | ||
| 008 | 981103s1985 pl a f f |000 0 pol | ||
| 015 | _aPB 1986/2604 | ||
| 035 | _a(OCoLC)830216806 | ||
| 040 |
_aWA N _cWA N _dKOSZ 005/HR |
||
| 041 | 0 | _apol | |
| 046 | _k1985 | ||
| 080 | _a004.382.4 | ||
| 080 | _a(075.8) | ||
| 100 | 1 |
_aPolański, Jacek. _eAutor |
|
| 245 | 1 | 0 |
_aWprowadzenie do systemu minikomputera SM4-20 / _cJacek Polański, Władysław Husejko ; Wyższa Szkoła Inżynierska w Koszalinie. |
| 250 | _aWyd. 2. | ||
| 260 |
_aKoszalin : _bWydawnictwo Uczelniane WSI, _c1985. |
||
| 300 |
_a79 s. : _brys. ; _c20 cm. |
||
| 336 |
_2rdacontent _aTekst _btxt |
||
| 337 |
_2rdamedia _aBez urządzenia pośredniczącego _bn |
||
| 338 |
_2rdacarrier _aWolumin _bnc |
||
| 380 | _aKsiążki | ||
| 385 |
_mPoziom nauczania _aSzkoły wyższe |
||
| 388 | _a1901-2000 | ||
| 388 | _a1945-1989 | ||
| 504 | _aBibliogr. s. 77. | ||
| 650 | 4 | _aProgramowanie (informatyka) | |
| 650 | 4 | _aMinikomputery i mikrokomputery | |
| 655 | 4 | _aPodręczniki akademickie | |
| 658 | _aInformatyka i technologie informacyjne | ||
| 700 | 1 |
_aHusejko, Władysław _d(1952-2012) _eAutor |
|
| 710 | 2 |
_aWydawnictwo Uczelniane (Wyższa Szkoła Inżynierska ; Koszalin) _4pbl. |
|
| 856 |
_uhttp://koha.tu.koszalin.pl/cgi-bin/koha/opac-detail.pl?biblionumber=2505 _yKatalog online BPK |
||
| 856 |
_uhttp://dlibra.tu.koszalin.pl/dlibra/docmetadata?id=1413&from=latest _yBiblioteka Cyfrowa |
||
| 942 |
_2UKD _cKS |
||
| 999 |
_c2505 _d2505 |
||